Técnicas PERT y CPM / (Record no. 134729)

MARC details
000 -LEADER
campo de control de longitud fija 00725nam a22002411 4500
001 - NÚMERO DE CONTROL
campo de control 134729
003 - IDENTIFICADOR DE NÚMERO DE CONTROL
campo de control ES-MaACL
005 - FECHA Y HORA DE LA ÚLTIMA TRANSACCIÓN
campo de control 20230906194731.0
007 - CAMPO FIJO DE DESCRIPCIÓN FÍSICA--INFORMACIÓN GENERAL
campo de control de longitud fija t|
008 - DATOS DE LONGITUD FIJA--INFORMACIÓN GENERAL
campo de control de longitud fija 070913s1972 sp ||||0| spa d
016 7# - NÚMERO DE CONTROL DE UNA AGENCIA BIBLIOGRÁFICA NACIONAL
Número de control cancelado/no válido IND2000944926
040 ## - FUENTE DE CATALOGACIÓN
Centro catalogador/agencia de origen M-BN
Lengua de catalogación spa
Centro/agencia transcriptor CDM
080 ## - NÚMERO DE LA CLASIFICACIÓN DECIMAL UNIVERSAL
Número de la Clasificación Decimal Universal 65.012.2
100 1# - ENTRADA PRINCIPAL--NOMBRE DE PERSONA
Nombre de persona Wiest, Jerome Douglas.
9 (RLIN) 116787
245 10 - MENCIÓN DEL TÍTULO
Título Técnicas PERT y CPM /
Mención de responsabilidad, etc. Jerome D. Wiest, Ferdinand K. Levy ; [traducido por José Patricio Montojo].
260 ## - PUBLICACIÓN, DISTRIBUCIÓN, ETC.
Lugar de publicación, distribución, etc. Madrid :
Nombre del editor, distribuidor, etc. Paraninfo,
Fecha de publicación, distribución, etc. 1972.
300 ## - DESCRIPCIÓN FÍSICA
Extensión 215 p. :
Otras características físicas il ;
Dimensiones 22 cm.
650 14 - PUNTO DE ACCESO ADICIONAL DE MATERIA--TÉRMINO DE MATERIA
Término de materia o nombre geográfico como elemento de entrada PERT.
9 (RLIN) 15983
650 14 - PUNTO DE ACCESO ADICIONAL DE MATERIA--TÉRMINO DE MATERIA
Término de materia o nombre geográfico como elemento de entrada CMP.
9 (RLIN) 11123
700 1# - ENTRADA AGREGADA--NOMBRE PERSONAL
Nombre de persona Levy, Ferdinand K.
9 (RLIN) 72000
700 1# - ENTRADA AGREGADA--NOMBRE PERSONAL
Nombre de persona Montojo, José Patricio.
9 (RLIN) 82669
852 ## - LOCALIZACIÓN
Ubicación ES-MaACL
Número de control de estantería C-49340
Sublocalización o colección R.84062
Holdings
Estatus retirado Estado de pérdida Estado de daño No para préstamo Biblioteca de origen Biblioteca actual Ubicación en estantería Fecha de adquisición Fuente de adquisición Total de préstamos Signatura topográfica completa Código de barras Visto por última vez Precio de reemplazo Tipo de ítem Koha
        Biblioteca del Ateneo de Madrid Biblioteca del Ateneo de Madrid Depósito 2 17/01/2008     C-49340 1140237 23/02/2023 23/02/2023 Libro impreso